Capitals by Flags of Oceania Quiz - Statistics

General Stats
  • This quiz has been taken 94 times
  • The average score is 11 of 14
Answer Stats
Picture Answer % Correct
Canberra
100%
Wellington
92%
Port Moresby
86%
Suva
86%
Port Vila
78%
South Tarawa
78%
Palikir
76%
Funafuti
73%
Apia
68%
Honiara
65%
Nuku'alofa
65%
Majuro
62%
Ngerulmud
62%
Yaren
62%
No matching quizzes found
Score Distribution
Percent of People with Each Score
Percentile by Number Answered
Your Score History
You have not taken this quiz